Co to za sport? - Statystyki

Ogólne statystyki
  • Ten quiz został rozwiązany 631 razy
  • Średni wynik to 13 z 15
Statystyki odpowiedzi
Obrazkowy Odpowiedź % Poprawnych
Koszykówka
99%
Piłka nożna
99%
Siatkówka
98%
Tenis
98%
Boks
96%
Tenis stołowy
96%
Piłka ręczna
95%
Hokej
93%
Golf
92%
Pływanie
88%
Kolarstwo
84%
Baseball
82%
Rugby
80%
Badminton
72%
Krykiet
64%
Nie znaleziono quizów pasujących do podanych kryteriów
Rozkład punktacji
Procent ludzi z każdym wynikiem
Percentyl według liczby udzielonych odpowiedzi
Twoja historia wyników
Nie rozwiązałeś tego quizu